00967nam a22002177a 4500999001700000003000900017008004100026040007100067082001900138100002100157245007400178260008100252300002800333505016600361650003000527650002900557650003500586942001600621945000700637952010500644 c19730d19730AR-CdUCM190222b ||||| |||| 00| 0 spa d aMUNICIPALIDAD PROVINCIAL DEL CUSCOcBIBLIOTECA MUNICIPAL DEL CUSCO a270.092 /bH77 aHostnig, Rainer  aEl Curato de San Juan Ostuncalco : bVisitas pastorales 1684 a 1930 / aGuatemala : bCentro de Capacitación e Investigación Campesina, c1993.  a480 paginas ; c24 cm.  aContenido: t.1 -- Actas de las visitas pastorales y documentos afines -- Acta de la visita pastoral del obispo Fr. Andrés delas Navas y Quevedo año 1684... aVisitas Pastorales 91120 aMemoria colectiva 91121 aDocumentos Históricos 91122 2ddccLIBROS arc 002ddc4070aSHbSHcCARTd2019-05-21g15.00o270.092 / H77 / t.1pSH0000015037r2019-05-21yLIBROS